| 000 | 00633nam a22001817a 4500 | ||
|---|---|---|---|
| 999 |
_c177897 _d177897 |
||
| 005 | 20210309173642.0 | ||
| 010 | _aENG-129185 | ||
| 020 |
_c595.00 _a978-81-942837-9-9 |
||
| 035 | _aEN-112717 | ||
| 037 | _bDBAD/PUB | ||
| 082 | _a954.6053 | ||
| 100 | _aAssad, Bashir | ||
| 245 |
_aKashmir: Beyond Article 370/ _cBashir Assad |
||
| 260 |
_aNew Delhi _bPentagon Press LLP _c2020 |
||
| 270 |
_bNew Delhi _e110049 _a206, Peacock Lane, Shahpur Jat _k011-64706243, 26491568 _mrajan@pentagonpress.in |
||
| 300 |
_axvi+177p. _c23cm(hbk) _bIncluding bibliographical references and index. |
||
| 942 |
_2ddc _cEN _h954.6053 _mASS |
||